La muerte de Jesús. Nuestra Vida. Pensamientos en torno a la Pascua
Guardat en:
| Autor principal: | |
|---|---|
| Altres autors: | |
| Format: | Desconegut |
| Publicat: |
Salamanca, España:
Sígueme,
1992.
|
| Col·lecció: | Verdad e Imagen
3 |
| Matèries: | |
| Etiquetes: |
Afegir etiqueta
Sense etiquetes, Sigues el primer a etiquetar aquest registre!
|
MARC
| LEADER | 00000 a2200000 4500 | ||
|---|---|---|---|
| 003 | CL-VaPUC | ||
| 005 | 20240527112612.0 | ||
| 008 | 240520t1992 ||||| |||| 00| 0 eng d | ||
| 999 | |c 443707 |d 443705 | ||
| 020 | |a 978-84-301-1168-8 | ||
| 040 | |c Pontificia Universidad Católica de Valparaíso | ||
| 082 | 7 | |2 22 |a 232.4 PES 1992 | |
| 100 | |a Pesch, Otto Hermann |9 888851 | ||
| 245 | |a La muerte de Jesús. Nuestra Vida. |b Pensamientos en torno a la Pascua | ||
| 260 | |a Salamanca, España: |b Sígueme, |c 1992. | ||
| 300 | |a 124 páginas | ||
| 490 | |a Verdad e Imagen |v 3 | ||
| 583 | |k GC |c 20240520 | ||
| 650 | |a Jesucristo |x Pasión |x Resurrección |9 889004 | ||
| 700 | |9 882606 |a Ruiz Garrido, Constantino |e traducción del alemán | ||
| 942 | |2 ddc |c BK | ||
| 952 | |0 0 |1 0 |2 ddc |4 0 |6 232_400000000000000_PES_1992 |7 0 |8 A |9 594811 |a BIBTEO |b BIBTEO |d 2024-05-20 |e 8 |g 8645.00 |i 5661411 |o 232.4 PES 1992 |p 5661411 |r 2025-01-17 |t 1 |v 8645.00 |w 2024-05-20 |y BK |k ICR | ||